Asterix XXXVII-XL / (Záznam č. 34213)
| 000 -Návěští | |
|---|---|
| Řídící pole kódované 24B | 02918nam a2200661 i 4500 |
| 001 - Kontrolní číslo | |
| Řídící pole proměnné | nkc20243627779 |
| 003 - Identifikátor kontrolního čísla | |
| Řídící pole proměnné | CZ PrNK |
| 005 - Datum posledního zpracování | |
| Řídící pole 16B | 20260422105812.0 |
| 007 - Pole pevné délky pro fyzický popis | |
| Řídící pole kódované | ta |
| 008 - Údaje pevné délky | |
| Řídící pole kódované 40B | 240830s2024 xr a c 6 000 1 cze |
| 015 ## - | |
| -- | cnb003627779 |
| 020 ## - ISBN | |
| ISBN | 978-80-252-5879-8 |
| -- | (vázáno) : |
| Dostupnost | Kč 549,00 |
| 035 ## - | |
| -- | (OCoLC)1505964101 |
| 040 ## - Zdroj katalogizace-agentura | |
| Agentura původní katalogizace | ABG001 |
| Jazyk katalogizace | cze |
| Agentura upravující záznam | BOA001 |
| -- | ABA001 |
| Použitá pravidla popisu | rda |
| 041 1# - Kód jazyka | |
| Kód jazyka textu/zvuku, mezititulků | cze |
| Kód jazyka originálu | fre |
| 072 #7 - Kód předmětové kategorie - Konspekt | |
| Předmětová kategorie | 741.52 |
| Zpřesnění předmětové kategorie | Komiksy. Komiksové adaptace |
| Zdroj předmětové klasifikace | Konspekt |
| -- | 21 |
| 072 #7 - Kód předmětové kategorie - Konspekt | |
| Předmětová kategorie | 821-93 |
| Zpřesnění předmětové kategorie | Literatura pro děti a mládež (beletrie) |
| Zdroj předmětové klasifikace | Konspekt |
| -- | 26 |
| 080 ## - MDT | |
| Klasifikační znak MDT | 741.52(0:82-321.6) |
| Idetifikátor vydání MDT | MRF |
| 080 ## - MDT | |
| Klasifikační znak MDT | 741.52(0:82-321.5) |
| Idetifikátor vydání MDT | MRF |
| 080 ## - MDT | |
| Klasifikační znak MDT | 821-93 |
| Idetifikátor vydání MDT | MRF |
| 044 ## - Kód země vydání/výroby | |
| Kód geografické oblasti/země | xr |
| 100 1# - Hlavní záhlaví - osobní jméno autora | |
| Osobní jméno | Ferri, Jean-Yves, |
| Datumy související se jménem | 1959- |
| -- | xx0108462 |
| Kód role | aut |
| 9 (RLIN) | 7224 |
| 245 10 - Údaje o názvu | |
| Název | Asterix XXXVII-XL / |
| Údaj o odpovědností, atd. | texty: Jean-Yves Ferri a Fabcaro ; kresby: Didier Conrad ; z francouzských originálů přeložil Michal Lázňovský |
| 250 ## - Údaje o vydání | |
| Označení vydání | První souborné vydání |
| 264 #1 - Nakladatelské údaje | |
| Místo vydání | V Praze : |
| Nakladatel | Alicanto, |
| Rok vydání | 2024 |
| 300 ## - Fyzický popis | |
| Rozsah | 188 stran : |
| další fyzické údaje | barevné ilustrace ; |
| Rozměry | 30 cm |
| 336 ## - | |
| -- | text |
| -- | txt |
| -- | rdacontent |
| 336 ## - | |
| -- | statický obraz |
| -- | sti |
| -- | rdacontent |
| 337 ## - | |
| -- | bez média |
| -- | n |
| -- | rdamedia |
| 338 ## - | |
| -- | svazek |
| -- | nc |
| -- | rdacarrier |
| 490 1# - Údaje o edici | |
| Údaje o edici | Asterixova dobrodružství |
| 500 ## - Všeobecná poznámka | |
| Text obecné poznámky | Nad názvem: Goscinny a Uderzo uvádějí Asterixova dobrodružství |
| 505 00 - Fomátovaná poznámka k obsahu | |
| Názvy | Asterix v Itálii -- |
| -- | Vercingetorixova dcera -- |
| -- | Asterix a gryf -- |
| -- | Bílý kosatec |
| 520 2# - Anotace | |
| Anotace, atd. | Čtyři kreslené příběhy galského válečníka Asterixe a jeho přátel v souborném vydání. |
| 521 8# - | |
| -- | Pro čtenáře od 9 let |
| 655 #7 - Rejstříkový termín - žánr/forma | |
| Žánr/forma či základní termín | historické komiksy |
| -- | fd1057475 |
| -- | czenas |
| -- | 9242 |
| 655 #7 - Rejstříkový termín - žánr/forma | |
| Žánr/forma či základní termín | humoristické komiksy |
| -- | fd1057480 |
| -- | czenas |
| -- | 9241 |
| 655 #7 - Rejstříkový termín - žánr/forma | |
| Žánr/forma či základní termín | publikace pro děti |
| -- | fd133156 |
| -- | czenas |
| 655 #9 - Rejstříkový termín - žánr/forma | |
| Žánr/forma či základní termín | historical comics |
| -- | eczenas |
| -- | 9244 |
| 655 #9 - Rejstříkový termín - žánr/forma | |
| Žánr/forma či základní termín | humorous comics |
| -- | eczenas |
| -- | 9243 |
| 655 #9 - Rejstříkový termín - žánr/forma | |
| Žánr/forma či základní termín | children's literature |
| -- | eczenas |
| 700 0# - Vedlejší záhlaví - osobní jméno autora | |
| Osobní jméno | Fabcaro, |
| Datumy související se jménem | 1973- |
| -- | xx0312215 |
| Kód role | aut |
| 9 (RLIN) | 18331 |
| 700 1# - Vedlejší záhlaví - osobní jméno autora | |
| Osobní jméno | Conrad, Didier, |
| Datumy související se jménem | 1959- |
| -- | xx0179868 |
| Kód role | ill |
| 9 (RLIN) | 7225 |
| 700 1# - Vedlejší záhlaví - osobní jméno autora | |
| Osobní jméno | Lázňovský, Michal, |
| Datumy související se jménem | 1947- |
| -- | jk01071703 |
| Kód role | trl |
| 9 (RLIN) | 6560 |
| 700 12 - Vedlejší záhlaví - osobní jméno autora | |
| Osobní jméno | Ferri, Jean-Yves, |
| Datumy související se jménem | 1959- |
| Název díla | Astérix et la Transitalique. |
| Jazyk díla | Česky |
| -- | aun20241216544 |
| 9 (RLIN) | 20704 |
| 700 12 - Vedlejší záhlaví - osobní jméno autora | |
| Osobní jméno | Ferri, Jean-Yves, |
| Datumy související se jménem | 1959- |
| Název díla | Fille de Vercingétorix. |
| Jazyk díla | Česky |
| -- | aun20241247557 |
| 9 (RLIN) | 20705 |
| 700 12 - Vedlejší záhlaví - osobní jméno autora | |
| Osobní jméno | Ferri, Jean-Yves, |
| Datumy související se jménem | 1959- |
| Název díla | Astérix et le griffon. |
| Jazyk díla | Česky |
| -- | aun20251253201 |
| 9 (RLIN) | 20706 |
| 700 02 - Vedlejší záhlaví - osobní jméno autora | |
| Osobní jméno | Fabcaro, |
| Datumy související se jménem | 1973- |
| Název díla | Iris blanc. |
| Jazyk díla | Česky |
| -- | aun20251253200 |
| 9 (RLIN) | 20707 |
| 787 08 - | |
| -- | Z cyklu: |
| -- | Asterixova dobrodružství |
| 830 #0 - | |
| -- | Asterixova dobrodružství (Alicanto) |
| -- | 20708 |
| 856 41 - Elektronická adresa umístění a přístupu | |
| Adresa elektronického zdroje | <a href="https://ndk.cz/uuid/uuid:184a3520-ba28-11f0-80f1-5ef3fc9bb22f">https://ndk.cz/uuid/uuid:184a3520-ba28-11f0-80f1-5ef3fc9bb22f</a> |
| Text odkazu | Digitalizovaný dokument |
| 901 ## - | |
| -- | 9788025258798 |
| -- | 1. souborné vydání |
| -- | 20250214 |
| 928 9# - | |
| -- | Albatros Media - Alicanto |
| 998 ## - Místní kontrolní číslo (RLIN) | |
| -- | 003627779 |
| 910 ## - Údaje o vlastníkovi jednotky (exempláře) | |
| Sigla vlastníka jednotky | ABG508 |
| 993 ## - pracovní čísla | |
| -- | 382.00 |
| -- | 549.00 |
| -- | Team Business |
| -- | 2026-04-22 |
| -- | 1076115 |
Žádné dostupné jednotky.